Khảo sát hoạt tính hạ glucose huyết từ cao chiết lá cây mật gấu (Vernonia amygdalina) : Báo cáo tổng kết đề tài nghiên cứu khoa học của sinh viên
Khảo sát tác dụng hạ glucose huyết của cao chiết ethanol lá mật gấu trên mô hình chuột bệnh đái tháo đường.
Đã lưu trong:
| 主要作者: | |
|---|---|
| 格式: | 图书 |
| 语言: | Undetermined |
| 出版: |
Cần Thơ
Trường Đại học Cần Thơ
2017
|
| 主题: | |
| 标签: |
添加标签
没有标签, 成为第一个标记此记录!
|
| Thư viện lưu trữ: | Trung tâm Học liệu Trường Đại học Cần Thơ |
|---|
| LEADER | 01041nam a2200217Ia 4500 | ||
|---|---|---|---|
| 001 | CTU_230489 | ||
| 008 | 210402s9999 xx 000 0 und d | ||
| 082 | |a 615.321 | ||
| 082 | |b Ph431 | ||
| 088 | |a TSV2017-36 | ||
| 100 | |a Võ, Lê Thanh Phong | ||
| 245 | 0 | |a Khảo sát hoạt tính hạ glucose huyết từ cao chiết lá cây mật gấu (Vernonia amygdalina) : | |
| 245 | 0 | |b Báo cáo tổng kết đề tài nghiên cứu khoa học của sinh viên | |
| 245 | 0 | |c Võ Lê Thanh Phong (Chủ nhiệm đề tài) ; Đái Thị Xuân Trang (Cán bộ hướng dẫn) | |
| 260 | |a Cần Thơ | ||
| 260 | |b Trường Đại học Cần Thơ | ||
| 260 | |c 2017 | ||
| 520 | |a Khảo sát tác dụng hạ glucose huyết của cao chiết ethanol lá mật gấu trên mô hình chuột bệnh đái tháo đường. | ||
| 650 | |a Medicinal plants,Cây dược liệu | ||
| 910 | |b nthai | ||
| 980 | |a Trung tâm Học liệu Trường Đại học Cần Thơ | ||